| 000 | 00325nam a22001217a 4500 | ||
|---|---|---|---|
| 082 |
_a327.5491 _bBUR |
||
| 100 | _aBurke, S. M. | ||
| 245 |
_aPakistan's Foreign Policy / _cS. M. Burke |
||
| 260 |
_aLondon; Karachi : _bOxford University Press, _c1973. |
||
| 300 |
_a432 p. ; _c22 cm. |
||
| 563 | _aHB. | ||
| 942 |
_2ddc _cBK |
||
| 999 |
_c616250 _d616250 |
||